[Event "ECU-ch"]
[Site "Salinas"]
[Date "2021.12.17"]
[Round "3"]
[White "Huerta Chacon, Jonnathan Santiago"]
[Black "Saltos Velez, Adrian Arturo"]
[Result "0-1"]
[WhiteElo "1361"]
[BlackElo "2074"]
[PlyCount "58"]
[EventDate "2021.12.16"]
[EventType "swiss"]
[EventRounds "7"]
[EventCountry "ECU"]
[SourceTitle "EXT 2023"]
[Source "ChessBase"]
[SourceDate "2022.10.05"]
[SourceVersion "1"]
[SourceVersionDate "2022.10.05"]
[SourceQuality "1"]

1. e4 c5 2. Nc3 Nc6 3. Bb5 Nd4 4. Bd3 d6 5. Nge2 g6 6. Nxd4 cxd4 7. Bb5+ Bd7 8. Bxd7+ Qxd7 9. Ne2 Bg7 10. d3 Rc8 11. Bd2 d5 12. f3 dxe4 13. fxe4 Nf6 14. 0-0 0-0 15. Rc1 Rfd8 16. b3 Rc6 17. Bg5 Ne8 18. Qd2 Rdc8 19. Rf2 e6 20. Kh1 Bf8 21. b4 Ra6 22. Qf4 Bxb4 23. Ng1 f5 24. exf5 exf5 25. Nf3 Rxa2 26. Re1 Bxe1 27. Nxe1 Qe6 28. Nf3 Ra1+ 29. Ng1 Qe1 0-1

[Event "ECU-ch"]
[Site "Salinas"]
[Date "2021.12.17"]
[Round "4"]
[White "Saltos Velez, Adrian Arturo"]
[Black "Morocho Garzon, Fernando Jose"]
[Result "1-0"]
[WhiteElo "2074"]
[BlackElo "1481"]
[PlyCount "91"]
[EventDate "2021.12.16"]
[EventType "swiss"]
[EventRounds "7"]
[EventCountry "ECU"]
[SourceTitle "EXT 2023"]
[Source "ChessBase"]
[SourceDate "2022.10.05"]
[SourceVersion "1"]
[SourceVersionDate "2022.10.05"]
[SourceQuality "1"]

1. e4 c5 2. Nf3 e6 3. c3 Nc6 4. d4 cxd4 5. cxd4 Bb4+ 6. Nc3 Nf6 7. e5 Ne4 8. Qc2 d5 9. Bd3 Qa5 10. Bd2 Bxc3 11. bxc3 Nxd2 12. Qxd2 b5 13. 0-0 h6 14. Rfb1 Rb8 15. Rb3 Bd7 16. Rab1 a6 17. Qb2 0-0 18. a4 Qc7 19. axb5 Na5 20. b6 Qb7 21. Ra3 Nc4 22. Bxc4 dxc4 23. Nd2 Bb5 24. Qc2 Rfc8 25. Ra2 Qxb6 26. Rab2 Qc6 27. f3 Ba4 28. Qe4 Qxe4 29. Nxe4 Rxb2 30. Rxb2 Bb5 31. Kf2 Kf8 32. Ke3 Ke7 33. Kd2 Kd7 34. Nd6 Rf8 35. Rb4 Kc6 36. Nxc4 Bxc4 37. Rxc4+ Kb7 38. Rb4+ Kc6 39. c4 f5 40. c5 Kd5 41. Kc3 g5 42. Rb6 Rd8 43. Rxa6 h5 44. Rd6+ Rxd6 45. exd6 Kc6 46. Kd3 1-0

[Event "Anti Cheating Blitz Cup"]
[Site "Chess.com INT"]
[Date "2020.05.20"]
[Round "2"]
[White "Janik, Igor"]
[Black "Saltos Velez, Adrian Arturo"]
[Result "1-0"]
[WhiteElo "2467"]
[BlackElo "2074"]
[PlyCount "75"]
[EventDate "2020.05.20"]
[EventType "swiss (blitz)"]
[EventRounds "11"]
[EventCountry "USA"]
[SourceTitle "CBM 196 Extra"]
[Source "ChessBase"]
[SourceDate "2020.07.31"]
[SourceVersion "1"]
[SourceVersionDate "2020.07.31"]
[SourceQuality "1"]

1. d4 Nf6 2. c4 c5 3. d5 b5 4. cxb5 a6 5. e3 g6 6. Nc3 Bg7 7. Nf3 0-0 8. a4 d6 9. e4 axb5 10. Bxb5 Ba6 11. Bd2 Nbd7 12. 0-0 Ne8 13. Qe2 Nc7 14. Bxa6 Rxa6 15. b3 Qa8 16. Rab1 Rb8 17. Qd3 Rab6 18. Qc2 Qa6 19. Bg5 Kf8 20. Nd2 Ne5 21. Be3 Qd3 22. Rfc1 Qxc2 23. Rxc2 Na6 24. Nb5 Nb4 25. Rcc1 Ke8 26. Nc4 Nxc4 27. Rxc4 Kd7 28. Rxb4 cxb4 29. Bxb6 Rxb6 30. Rc1 Rb7 31. Kf1 e6 32. Ke2 f5 33. Kd3 Bh6 34. Rc6 Bf8 35. Ra6 Be7 36. Ra7 Rxa7 37. Nxa7 Bf6 38. Nc6 1-0

[Event "Anti Cheating Blitz Cup"]
[Site "Chess.com INT"]
[Date "2020.05.20"]
[Round "9"]
[White "Mastrolonardo, Francesco"]
[Black "Saltos Velez, Adrian Arturo"]
[Result "0-1"]
[WhiteElo "2076"]
[BlackElo "2074"]
[PlyCount "104"]
[EventDate "2020.05.20"]
[EventType "swiss (blitz)"]
[EventRounds "11"]
[EventCountry "USA"]
[SourceTitle "CBM 196 Extra"]
[Source "ChessBase"]
[SourceDate "2020.07.31"]
[SourceVersion "1"]
[SourceVersionDate "2020.07.31"]
[SourceQuality "1"]

1. e4 c5 2. Nf3 g6 3. d3 Bg7 4. Nbd2 Nc6 5. c3 e6 6. g3 Nge7 7. Bg2 d5 8. 0-0 0-0 9. Re1 Rb8 10. Qe2 b5 11. Nf1 b4 12. e5 a5 13. h4 a4 14. g4 a3 15. bxa3 bxc3 16. h5 Ba6 17. Qc2 Qa5 18. Ng3 Nd4 19. Nxd4 cxd4 20. Bg5 Nc6 21. Bf6 Qxa3 22. h6 Bxf6 23. exf6 Qb2 24. Qd1 Qd2 25. Qxd2 cxd2 26. Red1 Rb2 27. Nf1 Bxd3 28. Nxd2 Be2 29. Rdc1 Nb4 30. Nf3 Bxf3 31. Bxf3 d3 32. Rc7 Rxa2 33. Rb1 Nc2 34. Rcb7 Raa8 35. Rd1 Nd4 36. Rxd3 Nxf3+ 37. Rxf3 Rfb8 38. Rfb3 Rd8 39. Kg2 d4 40. Rd3 e5 41. f3 Ra6 42. g5 Re6 43. Rb5 Kf8 44. Kg3 e4 45. fxe4 Rxe4 46. Rd5 Rxd5 47. Kf3 Re3+ 48. Rxe3 dxe3 49. Kxe3 Rxg5 50. Kf4 Rf5+ 51. Ke4 Rxf6 52. Ke5 Re6+ 0-1

[Event "Anti Cheating Blitz Cup"]
[Site "Chess.com INT"]
[Date "2020.05.20"]
[Round "4"]
[White "Saltos Velez, Adrian Arturo"]
[Black "Garcia Ramos, Daniel"]
[Result "0-1"]
[WhiteElo "2074"]
[BlackElo "2367"]
[PlyCount "68"]
[EventDate "2020.05.20"]
[EventType "swiss (blitz)"]
[EventRounds "11"]
[EventCountry "USA"]
[SourceTitle "CBM 196 Extra"]
[Source "ChessBase"]
[SourceDate "2020.07.31"]
[SourceVersion "1"]
[SourceVersionDate "2020.07.31"]
[SourceQuality "1"]

1. e4 c6 2. d4 d5 3. exd5 cxd5 4. c3 Nf6 5. Bd3 Nc6 6. Nf3 Bg4 7. Qb3 Bxf3 8. Qxb7 Qc8 9. Ba6 Qe6+ 10. Be3 Rb8 11. Qc7 Bxg2 12. Rg1 Be4 13. Bb7 Rxb7 14. Qxb7 Qd7 15. Qa8+ Nd8 16. Nd2 e6 17. 0-0-0 Qc7 18. Nxe4 Nxe4 19. Kc2 Be7 20. Rg4 Bf6 21. Bf4 Qc4 22. f3 Qe2+ 23. Bd2 Qxf3 24. Rf4 Qe2 25. Qxa7 0-0 26. Qa4 Bg5 27. Rxe4 Qxe4+ 28. Kc1 Bxd2+ 29. Rxd2 Nb7 30. Qb5 Nd6 31. Qd3 Qxd3 32. Rxd3 Ne4 33. a4 f5 34. b3 f4 0-1

[Event "Anti Cheating Blitz Cup"]
[Site "Chess.com INT"]
[Date "2020.05.20"]
[Round "6"]
[White "Saltos Velez, Adrian Arturo"]
[Black "Tang, Andrew"]
[Result "0-1"]
[WhiteElo "2074"]
[BlackElo "2538"]
[PlyCount "60"]
[EventDate "2020.05.20"]
[EventType "swiss (blitz)"]
[EventRounds "11"]
[EventCountry "USA"]
[SourceTitle "CBM 196 Extra"]
[Source "ChessBase"]
[SourceDate "2020.07.31"]
[SourceVersion "1"]
[SourceVersionDate "2020.07.31"]
[SourceQuality "1"]

1. e4 e5 2. Nf3 Nc6 3. Bc4 Bc5 4. c3 Nf6 5. d3 a6 6. 0-0 d6 7. h3 Ba7 8. Nbd2 Na5 9. b4 Nxc4 10. Nxc4 0-0 11. Be3 b5 12. Bxa7 bxc4 13. Be3 Bb7 14. dxc4 Nxe4 15. Rc1 f5 16. a4 Qf6 17. Re1 f4 18. Bd2 Qg6 19. Nh4 Qh6 20. Nf3 Rf6 21. Qc2 Nxd2 22. Nxd2 Rg6 23. f3 Bc8 24. Qe4 Rb8 25. Kf1 Qh4 26. b5 Rxg2 27. Kxg2 Bxh3+ 28. Kh1 Bf5+ 29. Kg2 Qh3+ 30. Kf2 Qh2+ 0-1

[Event "ECU-ch"]
[Site "Banos de Agua Santa"]
[Date "2020.03.14"]
[Round "8"]
[White "Saltos Velez, Adrian Arturo"]
[Black "Pazos Gambarrotti, Plinio Efrain"]
[Result "1/2-1/2"]
[WhiteElo "2074"]
[BlackElo "2134"]
[PlyCount "92"]
[EventDate "2020.03.10"]
[EventType "swiss"]
[EventRounds "9"]
[EventCountry "ECU"]
[SourceTitle "CBM 195 Extra"]
[Source "ChessBase"]
[SourceDate "2020.05.31"]
[SourceVersion "1"]
[SourceVersionDate "2020.05.31"]
[SourceQuality "1"]

1. e4 e6 2. d4 d5 3. Nd2 Nc6 4. Ngf3 Nf6 5. e5 Nd7 6. c4 dxc4 7. Nxc4 Nb6 8. Ne3 Nb4 9. a3 N4d5 10. Bd3 Be7 11. h4 Bd7 12. Nxd5 Nxd5 13. Ng5 Bxg5 14. Bxg5 Ne7 15. Qg4 Bc6 16. 0-0-0 Qd7 17. Bxe7 Qxe7 18. Qxg7 0-0-0 19. Bxh7 Bxg2 20. Rh2 Bf3 21. Rd3 Be2 22. Rd2 Bb5 23. f4 Rhe8 24. h5 Rxd4 25. Rxd4 Qc5+ 26. Bc2 Qxd4 27. Qg3 Rd8 28. Kb1 Bc6 29. Qf2 Qc4 30. h6 Be4 31. Qe1 Bxc2+ 32. Rxc2 Qxf4 33. Qa5 c6 34. h7 Qh4 35. Qxa7 Rd1+ 36. Ka2 Qxh7 37. Qa8+ Kc7 38. Qa5+ Kb8 39. Rd2 Qb1+ 40. Kb3 Rxd2 41. Qxd2 Kc8 42. Qd6 Qf1 43. Qf8+ Kc7 44. Qd6+ Kb6 45. Qd4+ Ka6 46. Qa4+ Kb6 1/2-1/2

[Event "ECU-ch"]
[Site "Banos de Agua Santa"]
[Date "2020.03.11"]
[Round "2"]
[White "Saltos Velez, Adrian Arturo"]
[Black "Ramos Bayas, David Santiago"]
[Result "1-0"]
[WhiteElo "2074"]
[BlackElo "1790"]
[PlyCount "79"]
[EventDate "2020.03.10"]
[EventType "swiss"]
[EventRounds "9"]
[EventCountry "ECU"]
[SourceTitle "CBM 195 Extra"]
[Source "ChessBase"]
[SourceDate "2020.05.31"]
[SourceVersion "1"]
[SourceVersionDate "2020.05.31"]
[SourceQuality "1"]

1. g3 d5 2. Bg2 e5 3. c4 Nf6 4. cxd5 Nxd5 5. Nf3 Nc6 6. Nc3 Nb6 7. 0-0 Be7 8. d3 0-0 9. a4 a5 10. Be3 Re8 11. Rc1 Bf8 12. Nb5 Bg4 13. Qb3 Be6 14. Qc2 Rc8 15. Ng5 Bd5 16. Bh3 h6 17. Bxc8 Qxc8 18. Bxb6 cxb6 19. e4 Be6 20. Nxe6 Rxe6 21. d4 exd4 22. Nxd4 Rg6 23. Nxc6 bxc6 24. Kg2 h5 25. Rcd1 h4 26. Qd3 Qg4 27. h3 Qf4 28. Qf3 Qe5 29. Rd8 Qxb2 30. g4 Qb4 31. Rfd1 Rf6 32. Qd3 g6 33. e5 Re6 34. Rd4 Qb2 35. Rd2 Qc1 36. Qe4 Bc5 37. Rd8+ Kg7 38. g5 Bf8 39. Qxh4 Qc5 40. R2d6 1-0

[Event "Olympiad-42"]
[Site "Baku"]
[Date "2016.09.08"]
[Round "6.4"]
[White "Saltos Velez, Adrian Arturo"]
[Black "Alfaro Caracas, William"]
[Result "0-1"]
[WhiteElo "2088"]
[BlackElo "2188"]
[PlyCount "68"]
[EventDate "2016.09.02"]
[EventType "team-swiss"]
[EventRounds "11"]
[EventCountry "AZE"]
[SourceTitle "CBM 175"]
[Source "ChessBase"]
[SourceDate "2016.11.10"]
[SourceVersion "1"]
[SourceVersionDate "2016.11.10"]
[SourceQuality "1"]
[WhiteTeam "Ecuador"]
[BlackTeam "Nicaragua"]
[WhiteTeamCountry "ECU"]
[BlackTeamCountry "NCA"]

1. e4 c5 2. c3 g6 3. Nf3 d6 4. Bc4 Nf6 5. e5 dxe5 6. Nxe5 e6 7. Qf3 Bg7 8. Bb5+ Nbd7 9. Bxd7+ Bxd7 10. Qxb7 0-0 11. 0-0 a5 12. d4 Rb8 13. Qa7 Bb5 14. Rd1 Ne4 15. Nd2 Ra8 16. Qb7 Nd6 17. Qf3 cxd4 18. cxd4 Nf5 19. Ndc4 Nxd4 20. Qe4 Bxe5 21. Nxe5 Ne2+ 22. Qxe2 Bxe2 23. Rxd8 Rfxd8 24. Be3 Rac8 25. f3 Rd1+ 26. Rxd1 Bxd1 27. Bd2 a4 28. Nd7 Rc2 29. Nf6+ Kg7 30. Ne4 f5 31. Bc3+ Kg8 32. Nf6+ Kf7 33. Nd7 a3 34. Ne5+ Ke8 0-1

[Event "Olympiad-42"]
[Site "Baku"]
[Date "2016.09.04"]
[Round "3.4"]
[White "Saltos Velez, Adrian Arturo"]
[Black "Johnson, Joshua"]
[Result "0-1"]
[WhiteElo "2088"]
[BlackElo "2119"]
[PlyCount "86"]
[EventDate "2016.09.02"]
[EventType "team-swiss"]
[EventRounds "11"]
[EventCountry "AZE"]
[SourceTitle "CBM 175"]
[Source "ChessBase"]
[SourceDate "2016.11.10"]
[SourceVersion "1"]
[SourceVersionDate "2016.11.10"]
[SourceQuality "1"]
[WhiteTeam "Ecuador"]
[BlackTeam "Trinidad and Tobago"]
[WhiteTeamCountry "ECU"]
[BlackTeamCountry "TRI"]

1. Nf3 Nf6 2. g3 g6 3. Bg2 Bg7 4. 0-0 0-0 5. c4 Nc6 6. Nc3 a6 7. Rb1 d5 8. cxd5 Nxd5 9. Nxd5 Qxd5 10. b3 Qc5 11. Bb2 e5 12. d3 Rd8 13. Nd2 Nd4 14. Rc1 Qe7 15. e3 Nb5 16. a4 Na7 17. Qc2 c6 18. Nc4 Bf5 19. Rfd1 Qc7 20. Bc3 Rab8 21. Ba5 b6 22. Be1 a5 23. Be4 Bg4 24. Rd2 c5 25. Na3 Nc6 26. Nb5 Qd7 27. f3 Be6 28. Bxc6 Qxc6 29. Qd1 Bh6 30. Kf2 Bd7 31. d4 exd4 32. Nxd4 cxd4 33. Rxc6 dxe3+ 34. Kg1 exd2 35. Rd6 dxe1Q+ 36. Qxe1 Rbc8 37. Qe2 Bf8 38. Rd1 Be6 39. Rxd8 Rxd8 40. Qc2 Bb4 41. Qc7 Rc8 42. Qb7 h5 43. Kf1 Rc2 0-1

[Event "ECU pre olympic"]
[Site "Duran"]
[Date "2016.05.15"]
[Round "11"]
[White "Munoz Sanchez, Jhon Marcelo"]
[Black "Saltos Velez, Adrian Arturo"]
[Result "0-1"]
[WhiteElo "2253"]
[BlackElo "2080"]
[PlyCount "64"]
[EventDate "2016.05.09"]
[EventType "tourn"]
[EventRounds "11"]
[EventCountry "ECU"]
[SourceTitle "CBM 172 Extra"]
[Source "ChessBase"]
[SourceDate "2016.06.21"]
[SourceVersion "1"]
[SourceVersionDate "2016.06.21"]
[SourceQuality "1"]

1. d4 d5 2. Nf3 Nf6 3. c4 c6 4. Nc3 dxc4 5. a4 Bf5 6. e3 e6 7. Bxc4 Be7 8. 0-0 0-0 9. a5 Nbd7 10. h3 h6 11. Qb3 Qc7 12. Bd2 Ne4 13. Nxe4 Bxe4 14. Rfc1 Bxf3 15. gxf3 e5 16. d5 Nc5 17. Qa2 cxd5 18. Bxd5 Qd7 19. Bc3 Rad8 20. Rd1 Qxh3 21. Bxe5 Kh8 22. Rac1 Bd6 23. f4 Bxe5 24. fxe5 Ne4 25. Rd4 Ng5 26. Bg2 Qf5 27. Rcd1 Rxd4 28. exd4 Rc8 29. Qb1 Rc2 30. Rf1 Qg4 31. Qd1 Re2 32. Qb3 Rxb2 0-1

[Event "ECU pre olympic"]
[Site "Duran"]
[Date "2016.05.13"]
[Round "7"]
[White "Noboa Silva, Kevin Omar"]
[Black "Saltos Velez, Adrian Arturo"]
[Result "0-1"]
[WhiteElo "2126"]
[BlackElo "2080"]
[PlyCount "132"]
[EventDate "2016.05.09"]
[EventType "tourn"]
[EventRounds "11"]
[EventCountry "ECU"]
[SourceTitle "CBM 172 Extra"]
[Source "ChessBase"]
[SourceDate "2016.06.21"]
[SourceVersion "1"]
[SourceVersionDate "2016.06.21"]
[SourceQuality "1"]

1. e4 c5 2. Nf3 g6 3. c3 Bg7 4. d4 cxd4 5. cxd4 d5 6. e5 Bg4 7. Nbd2 Nc6 8. Bb5 Bxf3 9. Bxc6+ bxc6 10. Nxf3 e6 11. 0-0 Ne7 12. b3 0-0 13. Ba3 Re8 14. Bxe7 Qxe7 15. Rc1 Rec8 16. Qd2 c5 17. dxc5 Rxc5 18. Rxc5 Qxc5 19. Rc1 Qf8 20. Rc6 Rc8 21. Qc2 Rxc6 22. Qxc6 Qa3 23. g4 Qb4 24. h3 Bxe5 25. Qe8+ Kg7 26. Ng5 Qf4 27. Qe7 Qf6 28. Qxf6+ Bxf6 29. Nf3 Bc3 30. Kf1 e5 31. Ke2 e4 32. Nh2 f5 33. f3 Be5 34. Nf1 Bf4 35. gxf5 gxf5 36. Ne3 Bxe3 37. Kxe3 Kf6 38. b4 Ke5 39. f4+ Kd6 40. a4 a5 41. b5 Kc5 42. h4 d4+ 43. Kd2 h5 44. Ke2 e3 45. Kd3 Kd5 46. Ke2 Ke4 47. b6 d3+ 48. Ke1 Kf3 49. b7 d2+ 50. Kd1 Kf2 51. b8Q e2+ 52. Kxd2 e1Q+ 53. Kc2 Qe4+ 54. Kb2 Qxa4 55. Qe5 Qd7 56. Qh8 Qd2+ 57. Kb3 Qe3+ 58. Kc2 Qe2+ 59. Kc3 Qf3+ 60. Kc2 Kg3 61. Qg7+ Qg4 62. Qg5 Kf3 63. Kb3 Ke4 64. Ka4 Qxg5 65. hxg5 Kd5 66. Kxa5 h4 0-1

[Event "ECU pre olympic"]
[Site "Duran"]
[Date "2016.05.12"]
[Round "6"]
[White "Saltos Velez, Adrian Arturo"]
[Black "Munoz Sanchez, Miguel Angel"]
[Result "0-1"]
[WhiteElo "2080"]
[BlackElo "2309"]
[PlyCount "128"]
[EventDate "2016.05.09"]
[EventType "tourn"]
[EventRounds "11"]
[EventCountry "ECU"]
[SourceTitle "CBM 172 Extra"]
[Source "ChessBase"]
[SourceDate "2016.06.21"]
[SourceVersion "1"]
[SourceVersionDate "2016.06.21"]
[SourceQuality "1"]

1. Nf3 e6 2. g3 d5 3. Bg2 Nf6 4. 0-0 Be7 5. c4 d4 6. b4 0-0 7. Bb2 c5 8. b5 Qc7 9. e3 e5 10. d3 h6 11. Nbd2 Bd6 12. e4 Be6 13. Nh4 g6 14. Nb3 Kh7 15. Bc1 a6 16. a4 axb5 17. axb5 Rxa1 18. Nxa1 Be7 19. Nb3 Ng8 20. f4 exf4 21. Bxf4 Bd6 22. Bd2 Nd7 23. Nf3 Ra8 24. Qc2 Ne5 25. Nxe5 Bxe5 26. Ra1 Rxa1+ 27. Nxa1 b6 28. Be1 Nf6 29. Bf3 Qa7 30. Nb3 Ng4 31. Bxg4 Bxg4 32. Qf2 Qa3 33. Qc2 Kg7 34. Kg2 Qa8 35. h3 Be6 36. Qe2 h5 37. Nd2 Qc8 38. h4 Bh3+ 39. Kg1 Bg4 40. Qf2 Qa8 41. Nf3 Bd6 42. Bd2 Qa1+ 43. Kg2 Qd1 44. Ng1 f6 45. Bh6+ Kf7 46. Qd2 g5 47. Qxd1 Bxd1 48. hxg5 Bc2 49. gxf6 Bxd3 50. Nf3 Bxe4 51. Kf2 Kxf6 52. Bg5+ Kf5 53. Bd8 Kg4 54. Nh2+ Kh3 55. Nf1 Bd3 56. Bxb6 Bxc4 57. Nd2 Bxg3+ 58. Kf3 Bxb5 59. Bxc5 Bc6+ 60. Ke2 Kg2 61. Be7 h4 62. Bxh4 Bb5+ 63. Kd1 Bxh4 64. Ne4 Kf3 0-1

[Event "ECU pre olympic"]
[Site "Duran"]
[Date "2016.05.09"]
[Round "1"]
[White "Pazos Gambarrotti, Plinio Efrain"]
[Black "Saltos Velez, Adrian Arturo"]
[Result "1/2-1/2"]
[WhiteElo "2212"]
[BlackElo "2080"]
[PlyCount "101"]
[EventDate "2016.05.09"]
[EventType "tourn"]
[EventRounds "11"]
[EventCountry "ECU"]
[SourceTitle "CBM 172 Extra"]
[Source "ChessBase"]
[SourceDate "2016.06.21"]
[SourceVersion "1"]
[SourceVersionDate "2016.06.21"]
[SourceQuality "1"]

1. d4 Nf6 2. Nf3 g6 3. g3 Bg7 4. Bg2 0-0 5. 0-0 d6 6. c4 Nc6 7. d5 Na5 8. Nfd2 c5 9. Nc3 e6 10. e4 exd5 11. Nxd5 Nxd5 12. cxd5 b5 13. h3 Ba6 14. Nf3 Nc4 15. Qe2 Qa5 16. Re1 b4 17. Bf1 Ne5 18. Qd1 Bxf1 19. Rxf1 Nxf3+ 20. Qxf3 c4 21. Qe2 Rac8 22. Bf4 Rfe8 23. Qc2 Qb6 24. Rfe1 b3 25. axb3 cxb3 26. Qd3 Bxb2 27. Be3 Rc3 28. Qxc3 Bxc3 29. Bxb6 axb6 30. Rab1 Bxe1 31. Rxe1 f5 32. Rb1 Rxe4 33. Rxb3 Rd4 34. Rxb6 Rxd5 35. Rb7 Re5 36. Rd7 Re6 37. Kg2 h6 38. h4 Kf8 39. Kf3 Ke8 40. Rb7 h5 41. Ra7 Re7 42. Ra8+ Kf7 43. Rd8 Ke6 44. Rg8 Kf6 45. Rd8 Ke5 46. Rg8 Re6 47. Ke3 Kd5+ 48. Kd3 Ke5 49. Rf8 Re7 50. Rg8 Kf6 51. Rd8 1/2-1/2

[Event "South America-ch U20"]
[Site "Asuncion"]
[Date "2012.06.18"]
[Round "5"]
[White "Saltos Velez, Adrian Arturo"]
[Black "Ruiz Castillo, Joshua Daniel"]
[Result "1-0"]
[WhiteElo "2147"]
[BlackElo "2306"]
[PlyCount "101"]
[EventDate "2012.06.15"]
[EventType "swiss"]
[EventRounds "9"]
[EventCountry "PAR"]
[SourceTitle "CBM 149 Extra"]
[Source "ChessBase"]
[SourceDate "2012.08.24"]
[SourceVersion "1"]
[SourceVersionDate "2012.08.24"]
[SourceQuality "1"]

1. d4 Nf6 2. Nc3 d5 3. Bg5 c6 4. Qd3 g6 5. f3 Bg7 6. 0-0-0 Qa5 7. Bxf6 exf6 8. e4 0-0 9. exd5 cxd5 10. Qb5 Qxb5 11. Nxb5 Na6 12. Nd6 Nb4 13. a3 Nc6 14. Ne2 Rd8 15. Nxc8 Raxc8 16. f4 f5 17. c3 b5 18. Kb1 Na5 19. Nc1 Nc4 20. Nb3 Bf8 21. Bxc4 bxc4 22. Nd2 Bd6 23. g3 f6 24. Nf3 Kf7 25. Rde1 a5 26. Kc2 a4 27. Re2 Rc6 28. Rhe1 Rb6 29. Nh4 Rb3 30. Kc1 Rdb8 31. Rc2 R3b6 32. Ng2 Rb5 33. Ne3 Re8 34. Rce2 Re4 35. Nc2 Kg7 36. Rxe4 fxe4 37. Ne3 f5 38. Re2 Kf6 39. Kd1 h6 40. Rf2 Ke6 41. h4 Rb8 42. h5 Rg8 43. hxg6 Rxg6 44. Nf1 h5 45. Rh2 Rh6 46. Rh4 Be7 47. Rh2 h4 48. Ne3 Rh8 49. Ng2 Rg8 50. Nxh4 Bxh4 51. gxh4 1-0

[Event "Duran zt 2.3.5"]
[Site "Duran"]
[Date "2012.03.09"]
[Round "7"]
[White "Guerra Tulcan, Lenin"]
[Black "Saltos Velez, Adrian Arturo"]
[Result "1-0"]
[WhiteElo "2421"]
[BlackElo "2152"]
[PlyCount "85"]
[EventDate "2012.03.05"]
[EventType "swiss"]
[EventRounds "9"]
[EventCountry "ECU"]
[SourceTitle "EXT 2023"]
[Source "ChessBase"]
[SourceDate "2022.10.05"]
[SourceVersion "1"]
[SourceVersionDate "2022.10.05"]
[SourceQuality "1"]

1. e4 c5 2. Nf3 Nc6 3. d4 cxd4 4. Nxd4 g6 5. Nc3 Bg7 6. Nb3 Nf6 7. Be2 0-0 8. 0-0 d6 9. Re1 Be6 10. Bg5 Rc8 11. Bf1 a6 12. h3 Na5 13. Nd5 Bxd5 14. exd5 Nc4 15. Bxc4 Rxc4 16. Qd3 b5 17. Nd2 Rc7 18. c3 h6 19. Bxf6 Bxf6 20. Ne4 Bg7 21. a4 Qd7 22. h4 bxa4 23. Qxa6 Ra7 24. Qd3 Rb8 25. h5 Rxb2 26. hxg6 fxg6 27. Ng3 Qg4 28. Re4 Qg5 29. f4 Qf6 30. Raxa4 Ra2 31. Rxa2 Rxa2 32. Qb1 Ra5 33. Ne2 Rxd5 34. Qb3 Qf7 35. Rxe7 Qxe7 36. Qxd5+ Kh7 37. Kf2 Qf6 38. Kf3 g5 39. Qe4+ Qg6 40. f5 Qh5+ 41. g4 Qh3+ 42. Ng3 Be5 43. f6+ 1-0

[Event "Duran zt 2.3.5"]
[Site "Duran"]
[Date "2012.03.07"]
[Round "4"]
[White "Saltos Velez, Adrian Arturo"]
[Black "Aucay Pelaez, Mauro"]
[Result "1-0"]
[WhiteElo "2152"]
[BlackElo "2258"]
[PlyCount "71"]
[EventDate "2012.03.05"]
[EventType "swiss"]
[EventRounds "9"]
[EventCountry "ECU"]
[SourceTitle "EXT 2023"]
[Source "ChessBase"]
[SourceDate "2022.10.05"]
[SourceVersion "1"]
[SourceVersionDate "2022.10.05"]
[SourceQuality "1"]

1. e4 c6 2. c4 d5 3. exd5 cxd5 4. cxd5 Nf6 5. Bb5+ Nbd7 6. Nc3 g6 7. Nge2 Bg7 8. Qb3 0-0 9. d4 Nb6 10. Nf4 Bf5 11. a4 g5 12. a5 gxf4 13. axb6 Qxb6 14. Bxf4 a6 15. Bc4 Qxd4 16. Ne2 Qc5 17. Rc1 Qa5+ 18. Bd2 Qd8 19. Qxb7 Be4 20. Nc3 Rb8 21. Qxa6 Rxb2 22. Nxe4 Nxe4 23. Ba5 Qb8 24. 0-0 Bd4 25. Be1 Qf4 26. Rd1 Bc5 27. Be2 Rfb8 28. Qc4 Rb1 29. d6 exd6 30. Qd5 Rxd1 31. Bxd1 Rb1 32. Qa8+ Kg7 33. Qa4 Qe5 34. Bf3 d5 35. Bxe4 Qxe4 36. Qxe4 1-0

[Event "South America-ch U20 7th"]
[Site "Asuncion"]
[Date "2010.05.17"]
[Round "9.1"]
[White "Villalba, Marcelo"]
[Black "Saltos Velez, Adrian Arturo"]
[Result "0-1"]
[WhiteElo "2107"]
[BlackElo "2154"]
[PlyCount "138"]
[EventDate "2010.05.11"]
[EventType "swiss"]
[EventRounds "9"]
[EventCountry "PAR"]
[SourceTitle "EXT 2022"]
[Source "ChessBase"]
[SourceDate "2021.10.06"]
[SourceVersion "1"]
[SourceVersionDate "2021.10.06"]
[SourceQuality "1"]

1. e4 c5 2. Nf3 Nc6 3. d4 cxd4 4. Nxd4 g6 5. Nc3 Bg7 6. Be3 Nf6 7. Nxc6 bxc6 8. e5 Ng8 9. Bd4 Nh6 10. e6 0-0 11. Bxg7 Kxg7 12. Qd4+ f6 13. exd7 Bxd7 14. 0-0-0 Be6 15. Qe4 Qc8 16. Re1 Bf7 17. Bc4 Nf5 18. Bxf7 Rxf7 19. h4 h5 20. Rh3 Rb8 21. Na4 Rb5 22. Rhh1 a5 23. Qe6 Qc7 24. g3 Nd4 25. Qe3 e5 26. c3 c5 27. Kb1 Nf5 28. Qe2 c4 29. g4 hxg4 30. Qxg4 Nh6 31. Qg2 Qd7 32. Qe4 Qc8 33. Rhg1 f5 34. Qg2 Rf6 35. h5 Qe8 36. Kc2 Rb8 37. b3 cxb3+ 38. axb3 Qb5 39. Rb1 Qe2+ 40. Kc1 Rd6 41. Rb2 Qxh5 42. Rh1 Qg4 43. Qh2 Qf4+ 44. Qxf4 exf4 45. Rd1 Rbd8 46. Rbd2 Rxd2 47. Rxd2 Re8 48. Kd1 Kf6 49. b4 axb4 50. cxb4 Rb8 51. Rb2 Ng4 52. Ke2 Re8+ 53. Kd1 f3 54. b5 Rd8+ 55. Ke1 Ne5 56. Nc5 Rc8 57. b6 Rxc5 58. b7 Nd7 59. b8Q Nxb8 60. Rxb8 Re5+ 61. Kf1 Kg5 62. Rb6 Kh5 63. Kg1 g5 64. Kh2 Kg4 65. Rb4+ Re4 66. Rb1 Re2 67. Rg1+ Kf4 68. Kh3 g4+ 69. Kh4 Rxf2 0-1

[Event "South America-ch U20 7th"]
[Site "Asuncion"]
[Date "2010.05.13"]
[Round "3.5"]
[White "Sainz, Ariel"]
[Black "Saltos Velez, Adrian Arturo"]
[Result "0-1"]
[WhiteElo "1851"]
[BlackElo "2154"]
[PlyCount "64"]
[EventDate "2010.05.11"]
[EventType "swiss"]
[EventRounds "9"]
[EventCountry "PAR"]
[SourceTitle "EXT 2022"]
[Source "ChessBase"]
[SourceDate "2021.10.06"]
[SourceVersion "1"]
[SourceVersionDate "2021.10.06"]
[SourceQuality "1"]

1. e4 c5 2. Nf3 e6 3. d3 d5 4. Nbd2 Nc6 5. g3 Nf6 6. Bg2 Be7 7. 0-0 b5 8. Re1 Bb7 9. c3 0-0 10. e5 Nd7 11. d4 Qb6 12. Nf1 b4 13. Be3 a5 14. a4 Ba6 15. dxc5 Bxc5 16. Bd4 Rab8 17. Bh3 bxc3 18. bxc3 Nxd4 19. Nxd4 Qc7 20. f4 Rb2 21. Kh1 Rfb8 22. Ne3 Ba7 23. Qc1 Nc5 24. Bf1 Bxf1 25. Rxf1 Nd3 26. Qd1 Nf2+ 27. Rxf2 Rxf2 28. Qe1 Rbb2 29. Ng4 Bxd4 30. cxd4 Rxh2+ 31. Nxh2 Qc2 32. Qg1 Qe4+ 0-1